书目信息 |
| 题名: |
会展业与旅游业互动及整合发展研究
|
|
| 作者: | 耿松涛 著 | |
| 分册: | ||
| 出版信息: | 北京 科学出版社 2019.11 |
|
| 页数: | xiii, 192页 | |
| 开本: | 24cm | |
| 丛书名: | 海南大学人文社科丛书 | |
| 单 册: | ||
| 中图分类: | G245 , F592.766 | |
| 科图分类: | ||
| 主题词: | 展览会--zhan lan hui--产业发展--研究--海南 , 地方旅游业--di fang lu^ you ye--旅游业发展--研究--海南 | |
| 电子资源: | ||
| ISBN: | 978-7-03-060127-8 | |
| 000 | 01557nam 2200325 450 | |
| 001 | 202020140094 | |
| 005 | 20200926181352.0 | |
| 010 | @a978-7-03-060127-8@dCNY78.00 | |
| 100 | @a20200918d2019 em y0chiy50 ea | |
| 101 | 0 | @achi |
| 102 | @aCN@b110000 | |
| 105 | @aak a 000yy | |
| 106 | @ar | |
| 200 | 1 | @a会展业与旅游业互动及整合发展研究@Ahui zhan ye yu lu^ you ye hu dong ji zheng he fa zhan yan jiu@e以海南国际旅游岛为例@f耿松涛著 |
| 210 | @a北京@c科学出版社@d2019.11 | |
| 215 | @axiii, 192页@c图@d24cm | |
| 225 | 2 | @a海南大学人文社科丛书@Ahai nan da xue ren wen she ke cong shu |
| 300 | @a本书的出版获得了国家社科基金项目 (项目编号: 17BGL117) 的支持 | |
| 314 | @a耿松涛, 河北承德人, 管理学博士, 海南大学旅游学院教授、博士生导师。国家社科基金同行评议专家、海南省南海名家、海南省拔尖人才、海南省“515人才工程”第二层次人选、海南省委联系服务重点专家后备人选。主要研究领域为会奖旅游、医疗旅游、旅游装备制造等旅游创新业态。 | |
| 320 | @a有书目 (第184-190页) | |
| 330 | @a本书分八章, 内容包括: 会展业旅游业互动发展问题 ; 会展业与旅游互动发展研究的理论基础 ; 海南会展业 ; 海南旅游业 ; 国内城市会展业与旅游业互动及整合方面的经验总结等。 | |
| 410 | 0 | @12001 @a海南大学人文社科丛书 |
| 517 | 1 | @a以海南国际旅游岛为例@Ayi hai nan guo ji lu^ you dao wei li |
| 606 | 0 | @a展览会@Azhan lan hui@x产业发展@x研究@y海南 |
| 606 | 0 | @a地方旅游业@Adi fang lu^ you ye@x旅游业发展@x研究@y海南 |
| 690 | @aG245@v5 | |
| 690 | @aF592.766@v5 | |
| 701 | 0 | @a耿松涛@Ageng song tao@4著 |
| 801 | 0 | @aCN@c20191223 |
| 905 | @a河南城建学院图书馆@dG245@eG334 | |
| 会展业与旅游业互动及整合发展研究:以海南国际旅游岛为例/耿松涛著.-北京:科学出版社,2019.11 |
| xiii, 192页:图;24cm.-(海南大学人文社科丛书) |
| 本书的出版获得了国家社科基金项目 (项目编号: 17BGL117) 的支持 |
| ISBN 978-7-03-060127-8:CNY78.00 |
| 本书分八章, 内容包括: 会展业旅游业互动发展问题 ; 会展业与旅游互动发展研究的理论基础 ; 海南会展业 ; 海南旅游业 ; 国内城市会展业与旅游业互动及整合方面的经验总结等。 |
| ● |
| 相关链接 |
|
|
|
正题名:会展业与旅游业互动及整合发展研究
索取号:G245/G334
 
预约/预借
| 序号 | 登录号 | 条形码 | 馆藏地/架位号 | 状态 | 备注 |
| 1 | 1490311 | 214903112 | 社科库409/409社科库 58排5列5层/ [索取号:G245/G334] | 在馆 | |
| 2 | 1490312 | 214903121 | 社科库409/409社科库 58排5列5层/ [索取号:G245/G334] | 在馆 |